Los laberintos del poder : el reclutamiento de las élites políticas en México, 1900-1971 /

Análisis crítico de las características del sistema político mexicano durante gran parte del siglo XX. Y, en particular, sobre el surgimiento, consolidación y renovación de los grupos políticos que dirigieron la vida del país. Sostiene el autor que, contra la tesis que habla de una sustitución paula...

Full description

Saved in:
Bibliographic Details
Main Author: Smith, Peter H. (autor)
Other Authors: Loaeza, Soledad (traducción) (traducción), Urquidi, Joaquín (traducción) (traducción)
Format: Book
Language:Español
Published: México : El Colegio de México, Centro de Estudios Internacionales, 1981, c1981
Subjects:
Tags: Add Tag
No Tags, Be the first to tag this record!

MARC

LEADER 00000nam^a2200000^a^4500
001 000126635
005 20250521000000.0
009 20260310094733.477
020 |a 968-12-0089-6 
037 |a Acervo ITESO - Biblioteca 
041 |a ESP 
082 |a 320. 97206  |b SMI 
100 |a Smith, Peter H.  |e (autor) 
240 1 5 |a [Los laberintos del poder: el reclutamiento de las élites políticas en México, 1900-1971] 
245 1 4 |a Los laberintos del poder :  |b el reclutamiento de las élites políticas en México, 1900-1971 /  |c P.H. Smith ; tr. por S. Loaeza, J. Urquidi. 
264 4 |a México :  |b El Colegio de México, Centro de Estudios Internacionales,  |c 1981, c1981 
300 |a 414 p. 
336 |a texto  |b txt  |2 rdacontenido 
337 |a sin mediación  |b n  |2 rdamedio 
338 |a volumen  |b nc  |2 rdasoporte 
520 |a Análisis crítico de las características del sistema político mexicano durante gran parte del siglo XX. Y, en particular, sobre el surgimiento, consolidación y renovación de los grupos políticos que dirigieron la vida del país. Sostiene el autor que, contra la tesis que habla de una sustitución paulatina de los políticos por los tecnócratas, lo que se produjo fue el triunfo del Estado sobre el partido (dominante), pues los tecnócratas de cualquier manera tenían que acatar las normas de comportamiento político. 
586 |a Premio Nacional de Ciencias y Artes, categoría Historia, Ciencias Sociales y Filosofía (61°: 2010), ex aequo: Traducciones 
649 |a XX 
650 |a Elites Políticas -  |z México -  |x Historia -  |y Siglo XX -  |x Tema Principal 
650 |a Políticos Mexicanos -  |x Historia -  |y Siglo XX 
650 |a Partido Revolucionario Institucional -  |z México 
650 |a Sistema Político -  |z México -  |x Historia -  |y Siglo XX 
650 |a Política -  |z México -  |x Historia -  |y Siglo XX 
700 |a Loaeza, Soledad  |e (traducción) 
700 |a Urquidi, Joaquín  |e (traducción) 
910 |a Fondo General 
920 |a Impresos - Libros 
930 |a Colección General 
905 |a 101 
901 |a 0500058709  |b IT1  |c ACC  |u 20250521 
902 |a https://opac.biblio.iteso.mx/vufind/Record/000126635